000 00940nam a2200241Ia 4500
999 _c47845
_d47845
001 14719
003 GE_BSU
005 20190813140206.0
008 181216s2008||||ge |||||||||||||| ||geo||
020 _a9789941008610
040 _cGE_BSU
041 _ageo
080 _a821.353.1-311 + 311.6 ს-54
100 _aსიფრაშვილი, ანზორ
_93541
245 _aმეფე ვახტანგ გორგასალი წ.1 ხოხობი :
_bისტორიული რომანი /
_cანზორ სიფრაშვილი.
264 _aთბილისი :
_bშპს თბილისის სტამბა ;
_c2008.
300 _a479 გვ. ;
_c22 სმ.
541 _h24ლ.
653 _aისტორიული რომანი
653 _aმეფე ვახტანგ გორგასალი
653 _aხოხობი
942 _cBK
_2udc